| 000 | 005390000a22001810004500 | ||
|---|---|---|---|
| 003 | MACL | ||
| 005 | 20241127132352.0 | ||
| 008 | 160611b xxu||||| |||| 00| 0 eng d | ||
| 040 |
_aMACL _cMACL |
||
| 041 | _aHindi | ||
| 082 | _a891.433 | ||
| 100 |
_aयशपाल _964428 |
||
| 245 |
_aझूट संच _bदेश का भविष्य _cयशपाल |
||
| 260 |
_bलोकभारती प्रकाशन _c1996 _aइलाहाबाद |
||
| 350 | _a200 | ||
| 650 |
_aNovel _964430 |
||
| 942 |
_cHIN _k891.433 _2ddc |
||
| 999 |
_c29919 _d29919 |
||